Das staatsrechtliche Verhältnis Pommerns zu Brandenburg im 13. Jahrhundert

Titel: Das staatsrechtliche Verhältnis Pommerns zu Brandenburg im 13. Jahrhundert
Verfasser:
In: Pommern, (1996), Seite 67-78
alle Artikel anzeigen
Veröffentlicht: 1996
Format: Aufsatz
Sprache: Deutsch
Kein Bild verfügbar
X
alg: 39207267
001A    $01999:11-11-16 
001B    $01999:29-03-21 $t21:47:42.000 
001D    $01999:11-11-16 
001U    $0utf8 
001X    $00 
002@    $0Aox 
003@    $039207267X 
007A    $039207267X $aHEB 
007T    $0Herd07351 
010@    $ager 
011@    $a1996 
021A    $aDas @staatsrechtliche Verhältnis Pommerns zu Brandenburg im 13. Jahrhundert 
028A    $7136291910 $8Bobowski, Kazimierz$Z1939- [Tp1] $9204305950 
031A    $h67-78 $j1996 
039B    $aIn $8--Aau--. Pommern. - Greifswald : Steinbecker Verl. Rose, 1996. - 468 S.. - Ill., Kt.. - ISBN 3-931483-08-8 $x199600000000000933 $9050939963 
045F    $a900.9438160902 $eDDC23BSB 
045F/01 $a900 
045F/03 $f0902 
045F/03 $g43816 

lok: 39207267 78

exp: 39207267 78 1 #EPN
201B/01 $019-04-17 $t10:59:45.000 
201U/01 $0utf8 
203@/01 $0788168665 
208@/01 $a11-11-16 $be 
209A/01 $a/ $f000 $x00 
220C/01 $aTitelaufnehmer: ej 
244Z/01 $2Trx $#Pomeranija $#Pommern $#Pomoransko $#Pomořansko $#Hinterpommern;Vorpommern;Mittelpommern $#Pomorze Środkowe;Pomorze Przednie $#Pomořansko;Západní Pomořany; Pomořany $8--Trx--Pomorze Zachodnie $x01 $9391303775 
244Z/01 $2Trx $#Marchia Brandenburska $8--Trx--Brandenburg$gMark $x02 $9391190156 
244Z/01 $aGeschichte 1185-1284 $x03 
244Z/01 $2Trx $8--Trx--$PBarnim I.$Z1220-1278 $x04 $9390776424 
244Z/01 $2Trx $#lääni suhted $#leno santykiai $#Feudal relationships $#feudális kapcsolatok $#stosunki lenne $#vzťahy lénne $#vztahy lenní $#Lehnswesen $8--Trx--Lehnsbeziehungen $x05 $9391361872 
244Z/01 $2Trx $#suhted, Brandenburg- Pomerania $#santykiai, Brandenburgo ir Pomeranijos $#relations, Brandenburgian-Pommeranian $#kapcsolatok, brandenburgi-pomerán $#stosunki brandenbursko-pomorskie $#vzťahy brandenbursko-pomoranské $#vztahy braniborsko-pomořanské $8--Trx--Beziehungen, brandenburgisch-pommersche $x06 $9391372688 
244Z/01 $2Trx $8--Trx--Einzelbeiträge $x07 $9391384570 
245Z/01 $a06.02 $x01 
247C/01 $82080>Marburg/Lahn, Herder-Institut, Forschungsbibliothek, Bibliographieportal $9336309341
LEADER 00000caa a22000002c 4500
001 39207267X
003 DE-603
005 20210329214742.0
007 tu
008 161111s1996 xx |||| | u00||u|ger c
035 |a (DE-599)HEB39207267X 
040 |a DE-603  |b ger  |c DE-603  |d DE-603 
041 |a ger 
082 0 4 |8 1\u  |a 900.9438160902  |q DE-101  |2 23/BSB 
085 |8 1\u  |b 900 
085 |8 1\u  |z 1  |s 0902 
085 |8 1\u  |z 2  |s 43816 
100 1 |a Bobowski, Kazimierz  |d 1939-  |0 (DE-603)204305950  |0 (DE-588)136291910  |2 gnd 
245 0 0 |a ˜Dasœ staatsrechtliche Verhältnis Pommerns zu Brandenburg im 13. Jahrhundert 
264 0 |c 1996 
773 0 8 |i In  |t Pommern  |d Greifswald : Steinbecker Verl. Rose, 1996  |h 468 S., Ill., Kt.  |z 3931483088  |g (1996), Seite 67-78  |w (DE-603)050939963 
924 0 |9 2080  |a (DE-603)788168665  |b DE-2080  |c HES  |d d  |g /